[Event "ICS Rated standard match"]
[Site "204.178.125.65"]
[Date "2000.03.29"]
[Round "?"]
[White "Hossa"]
[Black "DiepX"]
[Result "1/2-1/2"]
[WhiteElo "2343"]
[BlackElo "2464"]
[PlyCount "315"]

1. e4 c5 2. Nf3 d6 3. b4 cxb4 4. d4 Nf6 5. Bd3 e6 6. Bg5 Nc6 7. c4 Be7 8. O-O
Bd7 9. Bc2 Rc8 10. a3 h6 11. Bxf6 Bxf6 12. axb4 Nxb4 13. Ba4 a6 14. Bxd7+ Qxd7
15. Ra4 Nd3 16. Ra2 Nf4 17. Na3 e5 18. h3 exd4 19. Nxd4 Be5 20. Nf5 g6 21. Ne3
O-O 22. Ng4 Qc6 23. g3 Ne6 24. Nxh6+ Kg7 25. Ng4 Qxe4 26. Re1 Qd4 27. Qxd4 Bxd4
28. Rb1 Rb8 29. Nc2 Bc5 30. Rab2 b6 31. Nge3 Nc7 32. h4 b5 33. Kg2 Rfe8 34. Rb3
Re4 35. Kf3 Rbe8 36. cxb5 axb5 37. Na3 b4 38. Nac2 Nb5 39. R1b2 f5 40. h5 Rh8
41. Nd5 Rxh5 42. Ndxb4 Bd4 43. Ra2 Rh2 44. Ne3 Nc7 45. Nf1 Rh7 46. Nd2 Re8 47.
Nc6 Bc5 48. Rb7 Kf6 49. Nb3 Rg7 50. Rc2 Ne6 51. Rxg7 Kxg7 52. Kg2 Bb6 53. Rd2
Nc5 54. Rxd6 Nxb3 55. Rd7+ Kh6 56. Rb7 Re6 57. Rxb6 Nd4 58. Nxd4 Rxb6 59. f4
Ra6 60. Nf3 Ra2+ 61. Kh3 Kh5 62. Ng5 Rc2 63. Nf7 Re2 64. Ng5 Rf2 65. Nf7 Re2
66. Ng5 Ra2 67. Nf3 Re2 68. Ng5 Kh6 69. Nf3 Rf2 70. Ne5 Kg7 71. Nd7 g5 72. fxg5
Kg6 73. Ne5+ Kxg5 74. Nd3 Re2 75. Nf4 Rd2 76. Ng2 Kf6 77. Nf4 Rf2 78. Nd3 Ra2
79. Nf4 Ke5 80. Nd3+ Ke4 81. Nf4 Kf3 82. Ne6 Ra6 83. Nd4+ Ke4 84. Ne2 Ke3 85.
Nc3 Kf3 86. Kh4 Rg6 87. Kh5 Rxg3 88. Nb5 Rh3+ 89. Kg5 f4 90. Nd6 Rg3+ 91. Kf5
Rg2 92. Nc4 Re2 93. Nd6 Rd2 94. Nf7 Rd5+ 95. Ke6 Rd2 96. Kf5 Ke3 97. Nh6 Rd5+
98. Ke6 Rd2 99. Kf5 f3 100. Ng4+ Kd4 101. Ne5 f2 102. Nf3+ Kd3 103. Nh2 f1=Q+
104. Nxf1 Rf2+ 105. Ke5 Re2+ 106. Kd5 Rf2 107. Ke5 Rxf1 108. Ke6 Re1+ 109. Kf6
Rf1+ 110. Ke6 Rf2 111. Ke5 Re2+ 112. Kf4 Rf2+ 113. Ke5 Rf3 114. Ke6 Re3+ 115.
Kf6 Rf3+ 116. Ke6 Rf4 117. Kd6 Rd4+ 118. Ke6 Re4+ 119. Kd5 Rd4+ 120. Ke6 Ke4
121. Kf6 Rd6+ 122. Ke7 Ke5 123. Kf7 Rd7+ 124. Kg6 Rd6+ 125. Kf7 Rf6+ 126. Ke7
Re6+ 127. Kd7 Rd6+ 128. Ke7 Rd2 129. Kf7 Rf2+ 130. Kg6 Rg2+ 131. Kf7 Kf5 132.
Ke7 Re2+ 133. Kd6 Rd2+ 134. Kc6 Rc2+ 135. Kd5 Rd2+ 136. Kc6 Rd3 137. Kb5 Rb3+
138. Kc5 Rc3+ 139. Kd5 Rd3+ 140. Kc4 Ke4 141. Kc5 Rc3+ 142. Kd6 Rd3+ 143. Kc5
Rd5+ 144. Kc4 Rd4+ 145. Kc5 Ke5 146. Kc6 Rc4+ 147. Kb5 Kd5 148. Kb6 Rc6+ 149.
Kb5 Rc5+ 150. Kb4 Rc4+ 151. Kb5 Re4 152. Kb6 Re6+ 153. Kc7 Re7+ 154. Kb6 Kd6
155. Kb5 Re5+ 156. Kc4 Re4+ 157. Kd3 Kd5 158. Kc3 1/2-1/2

[Event "ICS rated blitz match"]
[Site "204.178.125.65"]
[Date "2000.03.29"]
[Round "?"]
[White "Hossa"]
[Black "QueenMaxima"]
[Result "0-1"]
[WhiteElo "2397"]
[BlackElo "2559"]
[PlyCount "98"]

1. e4 e5 2. Nf3 Nc6 3. Nc3 Nf6 4. Nxe5 Nxe5 5. d4 Ng6 6. e5 Ng8 7. Bc4 Bb4 8.
Qf3 Bxc3+ 9. bxc3 Qe7 10. O-O f6 11. exf6 Nxf6 12. Bg5 Qf8 13. Rfe1+ Kd8 14.
Bd3 a5 15. Rab1 Ra7 16. h3 b6 17. c4 Ne7 18. c3 Qf7 19. Qe2 Re8 20. Be3 Ng6 21.
Bxg6 Qxg6 22. d5 Bb7 23. Rb2 Re4 24. f3 Re8 25. d6 cxd6 26. Qd1 Kc8 27. Rxb6
Re6 28. Rb1 Ra8 29. Rb5 Bc6 30. Rb6 Rb8 31. Rxb8+ Kxb8 32. Qb3+ Kc8 33. Rb1 Kd8
34. Qb2 Bxf3 35. Re1 Ke7 36. Qf2 Bc6 37. c5 Kf8 38. cxd6 Kg8 39. c4 Ne4 40. Qf1
Rf6 41. Qd3 Qg3 42. Re2 Nf2 43. Qxh7+ Kxh7 44. Kf1 Nxh3+ 45. Bf2 Bxg2+ 46. Ke1
Qc3+ 47. Kd1 Bf3 48. Bc5 Nf4 49. Ba3 Bxe2# 0-1

[Event "ICS Rated blitz match"]
[Site "204.178.125.65"]
[Date "2000.03.29"]
[Round "?"]
[White "TRUE"]
[Black "Hossa"]
[Result "0-1"]
[WhiteElo "2031"]
[BlackElo "2388"]
[PlyCount "52"]

1. c4 e5 2. Nc3 Nf6 3. e4 Bc5 4. g3 Nc6 5. Bg2 d6 6. h3 O-O 7. Nge2 Be6 8. d3
Re8 9. O-O Rf8 10. Kh2 Nd4 11. f4 c6 12. f5 Nxe2 13. Qxe2 Bc8 14. g4 h6 15. h4
Bd4 16. g5 hxg5 17. hxg5 Nh7 18. Qh5 Qa5 19. Bd2 Qb6 20. Rab1 Be3 21. Na4 Qd4
22. Bc3 Qxd3 23. Rbd1 Qc2 24. g6 Nf6 25. Qh3 fxg6 26. Qxe3 Ng4+ 0-1

[Event "ICS rated bullet match"]
[Site "204.178.125.65"]
[Date "2000.03.29"]
[Round "?"]
[White "Hossa"]
[Black "Eza"]
[Result "1/2-1/2"]
[WhiteElo "2424"]
[BlackElo "2763"]
[PlyCount "157"]

1. e4 d5 2. exd5 Qxd5 3. Nc3 Qe6+ 4. Be2 Qg6 5. Nd5 Qd6 6. Ne3 e5 7. Nc4 Qf6 8.
d3 Nc6 9. Nf3 b5 10. Bg5 Qg6 11. Ne3 Bb4+ 12. c3 Be7 13. Nd5 Qd6 14. Nxe7 Ngxe7
15. O-O O-O 16. d4 f6 17. Bh4 Rb8 18. dxe5 fxe5 19. Ng5 Ng6 20. Qb3+ Kh8 21.
Ne4 Be6 22. Nxd6 Bxb3 23. axb3 cxd6 24. Bg3 Nge7 25. Ra6 Rb7 26. Bf3 Rb6 27.
Rxb6 axb6 28. Rd1 Rf6 29. Bxc6 Nxc6 30. Rd5 b4 31. Rb5 Kg8 32. Rxb6 d5 33. cxb4
d4 34. b5 d3 35. Ra6 Nd4 36. Ra1 e4 37. Ra8+ Rf8 38. Rxf8+ Kxf8 39. Bd6+ Kf7
40. Bb4 Nxb5 41. h4 Nd4 42. Kf1 Nxb3 43. Bc3 Kg6 44. h5+ Kxh5 45. Bxg7 Kg5 46.
Bc3 h5 47. Be5 Kf5 48. Bc3 h4 49. Bg7 Kg5 50. Bc3 Kf4 51. Ke1 Kg4 52. Bf6 h3
53. gxh3+ Kxh3 54. Be5 Kg4 55. Bf6 Kf4 56. Bd8 Ke5 57. Bb6 Kd5 58. Kd1 Ke6 59.
Ba7 Kd6 60. Ke1 Kd5 61. Be3 Kc4 62. Kd1 Kb4 63. Bf4 Kc5 64. Be3+ Kd6 65. Bb6
Kd5 66. Ke1 Kc4 67. Kd1 Nc5 68. Bxc5 Kxc5 69. Kd2 Kd4 70. b3 Kc5 71. f3 exf3
72. Kxd3 Kb4 73. Ke3 Kxb3 74. Kf2 Kc4 75. Kf1 Kd3 76. Kf2 Ke4 77. Kf1 f2 78.
Ke2 Kd4 79. Kxf2 1/2-1/2

[Event "ICS rated blitz match"]
[Site "204.178.125.65"]
[Date "2000.03.29"]
[Round "?"]
[White "Hossa"]
[Black "star"]
[Result "0-1"]
[WhiteElo "2388"]
[BlackElo "2751"]
[PlyCount "118"]

1. e4 e5 2. Nf3 Nc6 3. Nc3 Nf6 4. Nxe5 Nxe5 5. d4 Ng6 6. e5 Ng8 7. Bc4 Bb4 8.
Qf3 Bxc3+ 9. bxc3 Qe7 10. O-O Rb8 11. Re1 a6 12. a4 b6 13. Ba3 Bb7 14. Qh5 Qh4
15. Qxh4 Nxh4 16. d5 Ne7 17. Rad1 Neg6 18. e6 fxe6 19. dxe6 d6 20. Bf1 Nf4 21.
f3 Rf8 22. e7 Rf6 23. Rd4 Nh3+ 24. Kh1 Nxf3 25. gxf3 Bxf3+ 26. Bg2 Rg6 27. Rd2
Rxg2 28. Rxg2 Nf4 29. Kg1 Nxg2 30. Rf1 Nh4 31. Bc1 h6 32. Bd2 Kd7 33. Be1 Ng2
34. Rxf3 Nxe1 35. Rf1 Nxc2 36. Rf2 Ne3 37. Rf7 Re8 38. Rxg7 Rxe7 39. Rg3 Re4
40. Kf2 Nd1+ 41. Kf1 Rc4 42. Ke2 Nxc3+ 43. Kd3 d5 44. a5 bxa5 45. Rg6 a4 46.
Rxa6 c6 47. Ra7+ Kd6 48. Rh7 a3 49. Ra7 Ra4 50. Rg7 a2 51. Rg1 Nb1 52. Rg6+ Kc5
53. Ke2 a1=Q 54. Re6 Ra2+ 55. Kf3 Nd2+ 56. Kg3 Qg1+ 57. Kh3 Ra3+ 58. Re3 Rxe3+
59. Kh4 Qg5# 0-1

[Event "ICS rated bullet match"]
[Site "204.178.125.65"]
[Date "2000.03.29"]
[Round "?"]
[White "WYVILL"]
[Black "Hossa"]
[Result "0-1"]
[WhiteElo "2275"]
[BlackElo "2436"]
[PlyCount "70"]

1. e4 e5 2. Nf3 Nc6 3. Nc3 Nf6 4. d4 exd4 5. Nd5 Nb4 6. Nxf6+ Qxf6 7. Bc4 d6 8.
O-O Bg4 9. a3 Bxf3 10. gxf3 Nc6 11. Kh1 g6 12. Bb5 Bg7 13. Bxc6+ bxc6 14. f4
Qe6 15. f3 O-O 16. Qd3 Qh3 17. Bd2 Rab8 18. b3 Rfc8 19. Rg1 Qh4 20. Rg3 Re8 21.
Rag1 d5 22. e5 c5 23. Be1 Qxf4 24. Bd2 Qxe5 25. h3 Qe6 26. Kh2 Be5 27. Kh1 Bxg3
28. Rxg3 f5 29. Rg2 Qf6 30. Bf4 Re1+ 31. Kh2 Rc8 32. Qd2 Rf1 33. Bg5 Qe5+ 34.
Qf4 Qe1 35. Qd2 Rh1# 0-1

[Event "ICS rated bullet match"]
[Site "204.178.125.65"]
[Date "2000.03.29"]
[Round "?"]
[White "Hossa"]
[Black "WYVILL"]
[Result "1/2-1/2"]
[WhiteElo "2440"]
[BlackElo "2254"]
[PlyCount "163"]

1. e4 g6 2. d4 Bg7 3. Nc3 d6 4. Nf3 Nf6 5. Bd3 O-O 6. O-O Bg4 7. e5 dxe5 8.
dxe5 Nd5 9. Nxd5 Qxd5 10. Bf4 Bxf3 11. Qxf3 Qxf3 12. gxf3 e6 13. Bg3 Nc6 14. f4
Rad8 15. Be4 Rd2 16. Rfd1 Rfd8 17. Rxd2 Rxd2 18. Bxc6 bxc6 19. Rc1 h5 20. Kg2
Bf8 21. Bh4 Bc5 22. Kg1 Kf8 23. h3 Ke8 24. Kf1 a5 25. Ke1 Rd4 26. Rd1 Rxd1+ 27.
Kxd1 Kd7 28. Ke2 Bd4 29. c3 Bb6 30. b3 c5 31. c4 c6 32. Kf3 Kc7 33. Be7 Kd7 34.
Bd6 Ke8 35. a3 Kd7 36. Kg2 Ke8 37. Kg3 Kd7 38. Kh2 Ke8 39. Kg1 Kd7 40. Kf1 Ke8
41. Ke2 Kd7 42. Ke3 Ke8 43. Kd3 Kd7 44. Ke4 Ke8 45. f3 Kd7 46. Kd3 Ke8 47. Ke2
Kd7 48. Kf2 Ke8 49. Kg2 Kd7 50. Kg3 Ke8 51. Kh2 Kd7 52. Kh1 Ke8 53. Kg1 Kd7 54.
Kf1 Kc8 55. Kg1 Kd7 56. Kf1 Kc8 57. Kf2 Kb7 58. Be7 Ka6 59. Bf6 a4 60. bxa4 Ka5
61. Ke3 Kxa4 62. Kd3 Kxa3 63. Be7 Ka4 64. Kc3 Ba5+ 65. Kc2 Bb4 66. Bh4 Ka5 67.
Kd3 Kb6 68. Bf6 Kb7 69. h4 Kc8 70. Be7 Kd7 71. Bf6 Ke8 72. Kc2 Kd7 73. Kd3 Ke8
74. Kc2 Kd7 75. Kd3 Ke8 76. Kc2 Kd7 77. Kd3 Ke8 78. Kc2 Kf8 79. Kd3 Ke8 80. Kc2
Kd7 81. Kd3 Ke8 82. Kc2 1/2-1/2

[Event "ICS rated blitz match"]
[Site "204.178.125.65"]
[Date "2000.03.29"]
[Round "?"]
[White "QueenMaxima"]
[Black "Hossa"]
[Result "1-0"]
[WhiteElo "2571"]
[BlackElo "2384"]
[PlyCount "161"]

1. e4 e5 2. Nf3 Nc6 3. Bb5 a6 4. Ba4 Nf6 5. O-O Be7 6. Re1 b5 7. Bb3 O-O 8. c3
d5 9. exd5 Nxd5 10. Nxe5 Nxe5 11. Rxe5 c6 12. d4 Bd6 13. Re1 Qh4 14. g3 Qh3 15.
Be3 Bg4 16. Qd3 Rae8 17. Nd2 Re6 18. Bxd5 cxd5 19. Qf1 Qh5 20. f3 Bh3 21. Qf2
Rfe8 22. Nb3 b4 23. Nc5 Bxc5 24. dxc5 bxc3 25. bxc3 Qf5 26. Rac1 h5 27. Rcd1 a5
28. f4 h4 29. Ra1 Qg4 30. Rab1 a4 31. a3 Re4 32. Kh1 hxg3 33. hxg3 Qh5 34. Kg1
Bg4 35. Qd2 Qh3 36. Qf2 R4e7 37. Rb4 Bd7 38. Rb6 Re4 39. c6 Bg4 40. Rb5 R4e6
41. c7 Rh6 42. Qg2 Qh5 43. c4 Bf5 44. Rb8 Bc8 45. cxd5 Qg4 46. Bd2 Rxe1+ 47.
Bxe1 Qd7 48. d6 Re6 49. Bb4 Re8 50. g4 Re3 51. Kf2 Re8 52. Qf3 Qe6 53. Kg1 g6
54. f5 Qe5 55. f6 Qd4+ 56. Kg2 Kh7 57. g5 Qb2+ 58. Kg3 Qc1 59. Kf2 Qxg5 60. Ra8
Qh4+ 61. Kg1 Qg5+ 62. Kf1 Qb5+ 63. Kf2 Qb6+ 64. Kg2 Bb7 65. Rxe8 Bxf3+ 66. Kxf3
Qc6+ 67. Re4 Qc1 68. Re7 Qh1+ 69. Ke3 Qg1+ 70. Ke4 Qb1+ 71. Kd5 Qc2 72. Re8
Qg2+ 73. Kc5 Qf2+ 74. Kb5 Qf1+ 75. Kb6 Qxf6 76. c8=Q Qd4+ 77. Qc5 Qd1 78. Qf2
f5 79. Qh4+ Qh5 80. Qe7+ Kh6 81. Rh8# 1-0

[Event "ICS rated bullet match"]
[Site "204.178.125.65"]
[Date "2000.03.29"]
[Round "?"]
[White "Fast-B"]
[Black "Hossa"]
[Result "0-1"]
[WhiteElo "1139"]
[BlackElo "2436"]
[PlyCount "28"]

1. e4 e5 2. Bc4 Bc5 3. Bxf7+ Kxf7 4. Qf3+ Nf6 5. d3 Nc6 6. Bg5 Nd4 7. Qd1 Rf8
8. Nf3 d6 9. Nxd4 Bxd4 10. c3 Bxf2+ 11. Kxf2 Nxe4+ 12. dxe4 Kg8+ 13. Kg1 Qxg5
14. Nd2 Qe3# 0-1

[Event "ICS rated bullet match"]
[Site "204.178.125.65"]
[Date "2000.03.29"]
[Round "?"]
[White "Hossa"]
[Black "Fast-B"]
[Result "1-0"]
[WhiteElo "2436"]
[BlackElo "1139"]
[PlyCount "41"]

1. e4 c5 2. Nf3 d6 3. d4 Bg4 4. dxc5 Bxf3 5. gxf3 dxc5 6. Qxd8+ Kxd8 7. Nc3 b6
8. Bf4 g6 9. O-O-O+ Nd7 10. Bb5 Ngf6 11. Nd5 Nxd5 12. Rxd5 Bg7 13. Bc6 Rc8 14.
Rxd7+ Ke8 15. Rc7+ Kd8 16. Rd1+ Bd4 17. Rd7+ Ke8 18. R7xd4+ Kf8 19. Bh6+ Kg8
20. Rd8+ Rxd8 21. Rxd8# 1-0

[Event "ICS rated bullet match"]
[Site "204.178.125.65"]
[Date "2000.03.29"]
[Round "?"]
[White "Hossa"]
[Black "Fast-B"]
[Result "1-0"]
[WhiteElo "2436"]
[BlackElo "1139"]
[PlyCount "31"]

1. e4 c6 2. d4 d6 3. Nf3 e6 4. c4 Qa5+ 5. Bd2 Qb6 6. Nc3 Na6 7. Be2 Nb4 8. Na4
Qa5 9. a3 b5 10. cxb5 cxb5 11. axb4 Qc7 12. Bxb5+ Bd7 13. Bxd7+ Kxd7 14. O-O
Ke7 15. Rc1 g6 16. Rxc7+ 1-0

[Event "ICS rated bullet match"]
[Site "204.178.125.65"]
[Date "2000.03.29"]
[Round "?"]
[White "Hossa"]
[Black "Fast-B"]
[Result "1-0"]
[WhiteElo "2436"]
[BlackElo "1139"]
[PlyCount "21"]

1. e4 d5 2. exd5 Qxd5 3. Nc3 Qe6+ 4. Be2 Bd7 5. d4 Bc6 6. d5 Qg6 7. dxc6 Qxg2
8. Bf3 Qg6 9. cxb7 Qe6+ 10. Be3 Nd7 11. bxa8=Q+ 1-0

[Event "ICS rated bullet match"]
[Site "204.178.125.65"]
[Date "2000.03.29"]
[Round "?"]
[White "Hossa"]
[Black "Fast-B"]
[Result "1-0"]
[WhiteElo "2436"]
[BlackElo "1139"]
[PlyCount "31"]

1. e4 c5 2. Nf3 d6 3. d4 Bg4 4. dxc5 Bxf3 5. gxf3 Qa5+ 6. Nc3 Qxc5 7. Bb5+ Nc6
8. Nd5 Rc8 9. c4 a6 10. Be3 Qxd5 11. cxd5 axb5 12. dxc6 bxc6 13. a4 b4 14. Qd3
Nf6 15. Qa6 g6 16. Qxc8# 1-0

[Event "ICS rated bullet match"]
[Site "204.178.125.65"]
[Date "2000.03.29"]
[Round "?"]
[White "Hossa"]
[Black "Fast-B"]
[Result "1-0"]
[WhiteElo "2436"]
[BlackElo "1139"]
[PlyCount "25"]

1. e4 a6 2. d4 h6 3. Nf3 Nf6 4. e5 Nd5 5. c4 Nb4 6. a3 N4c6 7. d5 Na5 8. b4
Nxc4 9. Bxc4 b5 10. Bb3 c6 11. O-O cxd5 12. Qxd5 Nc6 13. Qxf7# 1-0

[Event "ICS rated blitz match"]
[Site "204.178.125.65"]
[Date "2000.03.29"]
[Round "?"]
[White "maxLAT"]
[Black "Hossa"]
[Result "0-1"]
[WhiteElo "1954"]
[BlackElo "2376"]
[PlyCount "90"]

1. e4 e5 2. Bc4 Nf6 3. Nc3 Nc6 4. Nf3 Bb4 5. O-O d6 6. h3 Be6 7. Bb3 Bxb3 8.
axb3 Bxc3 9. bxc3 Nxe4 10. Re1 f5 11. d3 Nxc3 12. Qd2 Nd5 13. d4 e4 14. c4 Nde7
15. Ng5 d5 16. Ne6 Qd7 17. Nxg7+ Kf7 18. Qh6 dxc4 19. bxc4 Ng8 20. Qg5 Qxd4 21.
Qxf5+ Kxg7 22. Rxe4 Qd1+ 23. Kh2 Qd6+ 24. g3 Nge7 25. Bb2+ Kg8 26. Rg4+ Ng6 27.
h4 Rf8 28. Qd5+ Qxd5 29. cxd5 Rxf2+ 30. Kg1 Rxb2 31. dxc6 Kf7 32. cxb7 Rxb7 33.
h5 Ne5 34. Rf4+ Kg7 35. Re1 Re8 36. Rfe4 Nf3+ 37. Kf2 Rf8 38. Re7+ Kg8 39. Rc1
Nd4+ 40. Kg2 Rf7 41. Re8+ Kg7 42. Rd1 Rb2+ 43. Kh3 Nf3 44. Rc1 Ng5+ 45. Kg4
Rb4+ 0-1

[Event "ICS rated blitz match"]
[Site "204.178.125.65"]
[Date "2000.03.29"]
[Round "?"]
[White "Hossa"]
[Black "PostModernist"]
[Result "0-1"]
[WhiteElo "2379"]
[BlackElo "2571"]
[PlyCount "162"]
[EventDate "2000.??.??"]

1. e4 c6 2. d4 d5 3. Nc3 dxe4 4. Nxe4 Bf5 5. Ng3 Bg6 6. h4 h6 7. Nf3 Nd7 8. h5
Bh7 9. Bd3 Bxd3 10. Qxd3 Qc7 11. Bd2 Ngf6 12. O-O-O e6 13. Rde1 O-O-O 14. Rh4
Bd6 15. Ne4 Nxe4 16. Qxe4 Nf6 17. Qe2 Kb8 18. Qc4 Qb6 19. Bf4 Bxf4+ 20. Rxf4
Rhf8 21. Rh4 Rd5 22. Re5 Rfd8 23. Kb1 a5 24. Qe2 Rxe5 25. Nxe5 Nd5 26. Qe1 Qc7
27. c4 Nf6 28. Nd3 b6 29. Qe3 Kc8 30. Qf3 Nh7 31. Ne5 f6 32. Ng6 Nf8 33. Nxf8
Rxf8 34. Re4 Qd7 35. Qb3 f5 36. Rh4 Qc7 37. Qe3 Qd6 38. Kc1 Rd8 39. Kc2 c5 40.
Kc3 a4 41. a3 e5 42. d5 Qf6 43. Qh3 e4+ 44. Kc2 Re8 45. Rf4 Qd4 46. Qc3 Re5 47.
Kb1 b5 48. cxb5 Qd1+ 49. Ka2 Qxd5+ 50. Ka1 c4 51. Qc2 Qxb5 52. g4 Qb3 53. Qxb3
cxb3 54. Rxf5 Rxf5 55. gxf5 Kc7 56. Kb1 Kd6 57. Kc1 Ke5 58. Kd2 Kxf5 59. Kc3 g6
60. hxg6 Kxg6 61. Kd4 Kf5 62. Ke3 Ke5 63. Kd2 Kf4 64. Ke2 h5 65. Ke1 Kf3 66.
Kf1 h4 67. Kg1 h3 68. Kh2 Kxf2 69. Kxh3 e3 70. Kg4 e2 71. Kf5 e1=Q 72. Kf6 Qb1
73. Ke6 Qxb2 74. Kd5 Qd2+ 75. Ke6 b2 76. Kf6 Qd6+ 77. Kf7 b1=Q 78. Kg7 Qe5+ 79.
Kf7 Qbf5+ 80. Kg8 Qg6+ 81. Kf8 Qeg7# 0-1

[Event "ICS rated blitz match"]
[Site "204.178.125.65"]
[Date "2000.03.29"]
[Round "?"]
[White "PostModernist"]
[Black "Hossa"]
[Result "1-0"]
[WhiteElo "2579"]
[BlackElo "2371"]
[PlyCount "199"]

1. d4 d5 2. Nf3 e6 3. Bf4 Nf6 4. e3 Nbd7 5. Bd3 Be7 6. Nbd2 c5 7. c3 Nh5 8. Be5
cxd4 9. Bxd4 Nhf6 10. O-O O-O 11. Qe2 Nc5 12. Bc2 b6 13. Rfd1 Ba6 14. c4 Rc8
15. b4 Ncd7 16. b5 Bb7 17. Bb3 Nc5 18. cxd5 Nxd5 19. e4 Nf4 20. Qe3 Bg5 21. Kh1
Bh6 22. g3 Nh3 23. Qe2 Qc7 24. Kg2 Ng5 25. Nxg5 Bxg5 26. f4 Be7 27. Bc2 Nd7 28.
Bd3 e5 29. Rac1 Qd6 30. Be3 Rxc1 31. Rxc1 exf4 32. Bxf4 Ne5 33. Bb1 Bf6 34. Nc4
Qe6 35. Nxe5 Bxe5 36. Bxe5 Qxe5 37. Kf1 Rd8 38. Bd3 g6 39. Bb1 Qg5 40. Qb2 Rd2
41. Rc2 Rd1+ 42. Kf2 Rh1 43. h4 Qe7 44. Rd2 Qc5+ 45. Ke2 Qc4+ 46. Bd3 Qe6 47.
Ke3 Qd6 48. Rg2 Bc8 49. Qd4 Qe7 50. Rd2 Rh3 51. Bc4 Qa3+ 52. Bb3 Qc1 53. Kf3
Qh1+ 54. Kf4 Qf1+ 55. Ke5 Qxb5+ 56. Kf6 Qc6+ 57. Qd6 Qc3+ 58. Ke7 Kg7 59. Rc2
Qxg3 60. Qxg3 Rxg3 61. Rxc8 Re3 62. Bd5 f5 63. Kd6 fxe4 64. Rc7+ Kh8 65. Re7
Rf3 66. Rxe4 Rf6+ 67. Kc7 h6 68. Re8+ Kg7 69. Rg8+ Kh7 70. Ra8 a5 71. Bc6 Rf4
72. Kxb6 Kg7 73. Kxa5 Rxh4 74. a4 g5 75. Re8 h5 76. Kb6 Rb4+ 77. Kc7 Rf4 78. a5
Rf1 79. a6 Ra1 80. Kb6 g4 81. a7 Rxa7 82. Kxa7 Kf6 83. Rg8 Kf5 84. Be8 h4 85.
Bd7+ Kf6 86. Rxg4 h3 87. Rh4 Ke7 88. Bxh3 Kf7 89. Rf4+ Kg7 90. Kb7 Kg6 91. Be6
Kh6 92. Rg4 Kh7 93. Kc6 Kh8 94. Bf7 Kh7 95. Kd7 Kh8 96. Rg8+ Kh7 97. Ke7 Kh6
98. Rg4 Kh7 99. Kf6 Kh8 100. Rh4# 1-0

[Event "ICS rated blitz match"]
[Site "204.178.125.65"]
[Date "2000.03.29"]
[Round "?"]
[White "WICKER-MAN"]
[Black "Hossa"]
[Result "0-1"]
[WhiteElo "2025"]
[BlackElo "2368"]
[PlyCount "72"]

1. e4 e5 2. d4 exd4 3. c3 dxc3 4. Bc4 cxb2 5. Bxb2 d5 6. Bxd5 Nf6 7. Bxf7+ Kxf7
8. Qxd8 Bb4+ 9. Qd2 Bxd2+ 10. Nxd2 Re8 11. Ngf3 Nc6 12. O-O Bg4 13. Ng5+ Kg6
14. h4 Rad8 15. Nc4 Nxe4 16. Nxe4 Rxe4 17. Ne3 Be6 18. Rae1 Bxa2 19. g3 Rf8 20.
f3 Ra4 21. Ng4 Bc4 22. Ne5+ Nxe5 23. Rxe5 Bxf1 24. Rg5+ Kf7 25. Rxg7+ Ke6 26.
Kxf1 Rb4 27. Ba3 Rxf3+ 28. Ke2 Rxa3 29. Kd2 Rd4+ 30. Kc2 Rd7 31. Rg4 Ra2+ 32.
Kc3 Rdd2 33. Re4+ Kd5 34. Re8 Rg2 35. Rd8+ Kc5 36. Rg8 Ra3# 0-1

[Event "ICS rated blitz match"]
[Site "204.178.125.65"]
[Date "2000.03.29"]
[Round "?"]
[White "Hossa"]
[Black "WICKER-MAN"]
[Result "1-0"]
[WhiteElo "2372"]
[BlackElo "2021"]
[PlyCount "33"]

1. e4 e5 2. Nf3 d6 3. d4 Nf6 4. dxe5 Nxe4 5. Nbd2 Nc5 6. exd6 Bxd6 7. Bb5+ c6
8. Be2 O-O 9. Nc4 Bc7 10. O-O Nbd7 11. Bg5 f6 12. Be3 b5 13. Nd6 Bxd6 14. Qxd6
Qb6 15. b4 Ne4 16. Qe6+ Rf7 17. Bxb6 1-0

[Event "ICS rated standard match"]
[Site "204.178.125.65"]
[Date "2000.03.29"]
[Round "?"]
[White "PostModernist"]
[Black "Hossa"]
[Result "1-0"]
[WhiteElo "2381"]
[BlackElo "2348"]
[PlyCount "113"]

1. d4 Nf6 2. c4 e6 3. Nf3 b6 4. a3 Bb7 5. Nc3 d5 6. cxd5 Nxd5 7. e3 Be7 8. Bb5+
c6 9. Bd3 Nxc3 10. bxc3 c5 11. O-O Nc6 12. Qe2 O-O 13. Bb2 cxd4 14. cxd4 Rc8
15. Rad1 Re8 16. e4 Qc7 17. d5 exd5 18. exd5 Bxa3 19. Qd2 Bxb2 20. dxc6 Bxc6
21. Qxb2 Bxf3 22. gxf3 Qf4 23. Be2 Qe5 24. Qxe5 Rxe5 25. Ba6 Ra8 26. Rd7 Rg5+
27. Kh1 Ra5 28. Bb7 Rf8 29. Bd5 Rc5 30. Re1 a5 31. Ree7 Kh8 32. Bxf7 Rg5 33. f4
Rg4 34. Be6 Rgxf4 35. Rxg7 Rh4 36. Rge7 b5 37. Bf5 b4 38. Ra7 Rh5 39. Bxh7 Rd8
40. Bc2 Kg8 41. f4 Rb8 42. Bd1 Rh3 43. Bg4 Rh4 44. Be6+ Kh8 45. f5 Rh3 46. f6
Rh5 47. f7 Rf8 48. Re8 Kg7 49. Rxf8 Kf6 50. Re8 Rh8 51. Rxh8 Ke5 52. Rxa5+ Kd4
53. Rd8+ Kc3 54. Rc5+ Kb2 55. Rd2+ Kb1 56. Bf5+ Ka1 57. Rc1# 1-0

[Event "ICS rated blitz match"]
[Site "204.178.125.65"]
[Date "2000.03.29"]
[Round "?"]
[White "BigThunder"]
[Black "Hossa"]
[Result "1-0"]
[WhiteElo "1988"]
[BlackElo "2382"]
[PlyCount "53"]

1. e4 e5 2. Bc4 Nf6 3. d3 Nc6 4. Nf3 Bc5 5. c3 d6 6. O-O Bg4 7. h3 Bxf3 8. Qxf3
a5 9. a4 h6 10. Nd2 O-O 11. Re1 Qc8 12. Nf1 Nd7 13. Ng3 Nb6 14. Bb3 Ne7 15. Qh5
Nd7 16. Bxh6 d5 17. Bxg7 Kxg7 18. Qg5+ Kh7 19. d4 exd4 20. cxd4 Bb4 21. e5 Bxe1
22. Rxe1 Qe8 23. Bc2+ Ng6 24. Nf5 Qxe5 25. dxe5 Kg8 26. Qh6 Ndxe5 27. Qg7# 1-0

[Event "ICS rated blitz match"]
[Site "204.178.125.65"]
[Date "2000.03.29"]
[Round "?"]
[White "Insania"]
[Black "Hossa"]
[Result "1-0"]
[WhiteElo "2560"]
[BlackElo "2364"]
[PlyCount "169"]

1. e4 c5 2. Nf3 Nc6 3. d4 cxd4 4. Nxd4 Nf6 5. Nc3 d6 6. Bc4 e6 7. Be3 Be7 8.
Qe2 O-O 9. O-O-O a6 10. Bb3 Qc7 11. Nxc6 bxc6 12. f3 Rb8 13. g4 Qb7 14. h4 e5
15. g5 Nh5 16. Rhg1 Be6 17. Qh2 a5 18. Kd2 Bxb3 19. axb3 Rfe8 20. Kc1 Bf8 21.
Rgf1 a4 22. Nxa4 d5 23. exd5 cxd5 24. Rfe1 Ra8 25. Bf2 Bd6 26. Kb1 Bc7 27. Bc5
d4 28. Qf2 Nf4 29. Ba3 Ba5 30. Rf1 Rec8 31. Nc5 Qb5 32. Nd3 Nxd3 33. Rxd3 Bb6
34. Re1 Re8 35. Qh2 Re6 36. b4 Ba7 37. Qh3 Re7 38. Qf5 Rb8 39. Rd2 Re6 40. Kc1
g6 41. Qg4 Qa4 42. Kd1 Rd8 43. Qe4 Bb8 44. h5 d3 45. hxg6 hxg6 46. b5 Rd4 47.
Qb7 Rd8 48. Re4 dxc2+ 49. Kc1 Qa5 50. Bb4 Qa1+ 51. Kxc2 Ree8 52. b6 Qa4+ 53.
Kc1 Rxd2 54. Bxd2 Qa1+ 55. Kc2 Qf1 56. Qd7 Rf8 57. Re3 Qg1 58. Rb3 Qc5+ 59. Kb1
Qg1+ 60. Bc1 Qd4 61. Qxd4 exd4 62. Rd3 Be5 63. f4 Bg7 64. Rb3 Rc8 65. b7 Rb8
66. Bd2 Bf8 67. Kc2 Bc5 68. Kd3 Ba7 69. Ba5 Re8 70. Bc7 Bb8 71. Bxb8 Rxb8 72.
Ke4 d3 73. Kxd3 Kf8 74. Kc4 Kg8 75. Kc5 f6 76. Kb6 Rxb7+ 77. Kxb7 f5 78. Kc6
Kf7 79. Kd7 Kf8 80. Rb8+ Kf7 81. Rb6 Kg7 82. Ke7 Kh8 83. Rxg6 Kh7 84. Kf7 Kh8
85. Rh6# 1-0

[Event "ICS rated blitz match"]
[Site "204.178.125.65"]
[Date "2000.03.29"]
[Round "?"]
[White "Hossa"]
[Black "Insania"]
[Result "0-1"]
[WhiteElo "2356"]
[BlackElo "2568"]
[PlyCount "118"]

1. c4 e5 2. Nc3 Nf6 3. Nf3 Nc6 4. g3 Bc5 5. Bg2 O-O 6. O-O d6 7. d3 Bg4 8. Bg5
h6 9. Bxf6 Qxf6 10. Ne4 Qe6 11. Nxc5 dxc5 12. Nd2 Rad8 13. Nb3 Qd6 14. Qd2 b6
15. f4 Rfe8 16. Bd5 Qd7 17. Bxc6 Qxc6 18. fxe5 Rxe5 19. Rae1 Rde8 20. Qf4 Rxe2
21. Rxe2 Rxe2 22. Qxf7+ Kh7 23. Qd5 Qxd5 24. cxd5 Rxb2 25. Rf2 Rxf2 26. Kxf2
Kg6 27. Nd2 Kf6 28. Nc4 Ke7 29. Ne5 Bf5 30. Ke3 Kd6 31. Nc6 a5 32. h4 Kxd5 33.
Ne7+ Ke6 34. Nxf5 Kxf5 35. Kf3 b5 36. g4+ Ke5 37. Ke3 a4 38. g5 h5 39. g6 b4
40. Kd2 Kf4 41. Kc1 Kg4 42. Kd1 Kxh4 43. Kc2 Kg5 44. Kd2 h4 45. Ke3 a3 46. Ke4
b3 47. axb3 a2 48. Kd5 h3 49. Kxc5 a1=Q 50. Kc6 Qf6+ 51. Kxc7 Qe7+ 52. Kb6 Qd6+
53. Ka5 h2 54. Ka4 h1=Q 55. d4 Qa6+ 56. Kb4 Qab7+ 57. Kc4 Qf1+ 58. Kc5 Qf5+ 59.
d5 Qfxd5# 0-1

[Event "ICS rated standard match"]
[Site "204.178.125.65"]
[Date "2000.03.29"]
[Round "?"]
[White "KyFats"]
[Black "Hossa"]
[Result "1-0"]
[WhiteElo "2354"]
[BlackElo "2334"]
[PlyCount "119"]

1. d4 Nf6 2. c4 e6 3. Nf3 b6 4. g3 Ba6 5. b3 Bb4+ 6. Bd2 Be7 7. Bg2 c6 8. Bc3
d5 9. Nbd2 O-O 10. O-O Nbd7 11. Re1 Qc7 12. e4 Nxe4 13. Nxe4 dxe4 14. Rxe4 Rad8
15. Qd2 Nf6 16. Re2 c5 17. Rae1 cxd4 18. Nxd4 Bb7 19. Bxb7 Qxb7 20. Qe3 Rd7 21.
Qf4 Rfd8 22. Rd2 Bc5 23. Ree2 Bxd4 24. Bxd4 Ne8 25. f3 Qc7 26. Qxc7 Nxc7 27.
Bc3 Rxd2 28. Rxd2 Rxd2 29. Bxd2 e5 30. Kf2 Na6 31. b4 f5 32. a4 Kf7 33. a5 Kf6
34. b5 Nc5 35. Be3 Nd3+ 36. Ke2 f4 37. Kxd3 fxe3 38. c5 bxc5 39. b6 axb6 40.
axb6 e4+ 41. fxe4 e2 42. Kxe2 Ke7 43. b7 c4 44. b8=Q c3 45. Qg8 Kf6 46. Qf8+
Ke6 47. Qxg7 c2 48. Kd2 h5 49. Qg6+ Kd7 50. Qf7+ Kc6 51. Qxh5 c1=Q+ 52. Kxc1
Kd6 53. h4 Kc6 54. Qd5+ Kc7 55. e5 Kb6 56. e6 Kc7 57. e7 Kb6 58. e8=Q Ka6 59.
Qea8+ Kb6 60. Qdc6# 1-0